Strategic Financial Management A Managerial Approach

Salvato in:
Dettagli Bibliografici
Altri autori: Ali, Muhammad, Choi-Meng, Leong, Puah, Chin-Hong
Natura: Libro
Lingua:inglese
Pubblicazione: Leeds Emerald Publishing 2024
Edizione:1st Edition
Soggetti:
Tags: Aggiungi Tag
Nessun Tag, puoi essere il primo ad aggiungerne!!

MARC

LEADER 00000nam a2200000 4500
001 0311765
005 20250825105138.4
020 |a 978-1-83608-106-7 
041 0 |a eng 
044 |a GB 
245 1 0 |a Strategic Financial Management  |b A Managerial Approach  |c Edited by Muhammad Ali ... [et al.] 
250 |a 1st Edition 
264 1 |a Leeds  |b Emerald Publishing  |c 2024 
300 |a 183 s. 
500 |a Emerald e-books. 
610 2 0 |a riadenie finančné 
610 2 0 |a manažment finančný 
610 2 0 |a riadenie strategické 
610 2 0 |a riziko finančné 
610 2 0 |a rozhodovanie finančné 
610 2 0 |a podnikanie malé 
610 2 0 |a podnikanie stredné 
700 1 |a Ali, Muhammad 
700 1 |a Choi-Meng, Leong 
700 1 |a Puah, Chin-Hong